Urbanisme i gènere : una visió necessària per a tothom una visió necessària per a tothom
ISBN:
84-9803-140-0
Descripción Física:
335 p. : il. ; 30 cm
MARC
| LEADER | 00000nam a2200000Ia 4500 | ||
|---|---|---|---|
| 001 | 17870 | ||
| 008 | 160829s2006 xx 000 0 cat d | ||
| 020 | |a 84-9803-140-0 | ||
| 080 | |a B-2-113 | ||
| 245 | |a Urbanisme i gènere : |b una visió necessària per a tothom | ||
| 260 | |a Barcelona : |b Diputació de Barcelona, |c 2006 | ||
| 300 | |a 335 p. : |b il. ; |c 30 cm | ||
| 590 | |a A la coberta: Urbanismo y género : una visión necesaria para todos. | ||
| 590 | |a Recull de ponències i conclusions de les jornades amb el mateix títol que va tenir lloc a Barcelona del 27 al 29 d'abril de 2005. | ||
| 590 | |a Text en català i castellà. | ||
| 590 | |a Bibliografia | ||
| 650 | |a Dones i urbanisme |x Congressos |9 22209 | ||
| 650 | |a Urbanisme |x Congressos |9 27098 | ||
| 650 | |a Igualtat |x Congressos |9 22210 | ||
| 710 | 1 | |a Barcelona (Catalunya : Província). |b Diputació |9 52408 | |
| 901 | |a Arxiu | ||
| 942 | |n 1 | ||
| 952 | |0 0 |1 0 |4 0 |6 B2113 |7 1 |9 42119 |a Arxiu |b Arxiu |d 2016-12-01 |l 0 |o B-2-113 |p 17870 |r 2016-12-01 00:00:00 |w 2016-12-01 |y ARXIU | ||
| 999 | |c 44566 |d 44566 | ||